000 00655nam a2200277Ia 4500
005 20260324141421.0
008 008 260324s9999 xx 000 0 eng d
020 _a9780203985496
037 _aEBOOK
040 _aCRL
040 _beng
040 _cCRL
041 _2eng
041 _aeng
084 _qCRL
100 _aTon Otto; Nicholas Thomas
_91208108
245 0 _aNarratives of Nation in the South Pacific
260 _bTaylor and Francis
260 _c1997
365 _a
365 _b220
856 _uhttp://www.taylorfrancis.com/books/9780203985496
942 _cEBOOK
999 _c1811186
_d1811186